Normal view
MARC view
Entry Término temático
001 - NÚMERO DE CONTROL
- campo de control: 139037
003 - IDENTIFICADOR DEL NÚMERO DE CONTROL
- campo de control: OSt
005 - FECHA Y HORA DE LA ÚLTIMA TRANSACCIÓN
- campo de control: 20220127155908.0
008 - DATOS DE LONGITUD FIJA
- campo de control de longitud fija: 220127|| aca||aabn | a|a d
040 ## - FUENTE DE LA CATALOGACIÓN
- Centro catalogador/agencia de origen: OSt
- Centro/agencia transcriptor: OSt
150 ## - ENCABEZAMIENTO--TÉRMINO DE MATERIA
- Término de materia o nombre geográfico como elemento de entrada: Lisina I. UACH. Departamento de Zootecnia II. t. III. Pérez Suazo, Euclides
670 ## - FUENTE DE DATOS ENCONTRADOS
- Cita de la fuente: Work cat.: (OSt)165020: Aguilar Martínez, Juvenal 2758, Niveles bajos de lisisna en la etapa de iniciación (0-3 semanas) para el control de síndrome ascítico en pollos de engorda /, 1996
